| 000 | 00967nam a22002535i 4500 | ||
|---|---|---|---|
| 001 | 170126 | ||
| 003 | ES-MaACL | ||
| 005 | 20250814234932.0 | ||
| 008 | 090204s1986 cl |||| | spa d | ||
| 080 | _a348 | ||
| 080 | _a27-74 | ||
| 100 | 0 |
_aSquella Narducci, Agustín. _9107821 |
|
| 245 | 1 | 0 |
_aReligiosidad y secularización (o un estado de indecisión ante Dios) / _cAgustín Squella Narducci ; discurso de recepción, Manuel de Rivacoba y Rivacoba. |
| 260 |
_aSantiago de Chile : _bAcademia Chilena de Ciencias Sociales, _cimp. 1986. |
||
| 300 |
_a54 p. ; _c27 cm. |
||
| 650 | 1 | 7 |
_aDerecho canónico _2embne _911655 |
| 650 | 1 | 4 |
_aReligiosidad. _916828 |
| 700 | 1 |
_aRivacoba y Rivacoba, Manuel de. _997535 |
|
| 710 | 2 |
_aAcademia Chilena de Ciencias Sociales, Políticas y Morales _91153 |
|
| 740 | 3 | 2 | _aUn estado de indecisión ante Dios. |
| 852 |
_aES-MaACL _j2240-F-18 _9R.114743 |
||
| 852 |
_aES-MaACL _j2289-F-15 |
||
| 999 |
_c170126 _d170126 |
||